Learning Resource and Development

Interpersonal communication skills in nursing (Record no. 1965)

MARC details
000 -LEADER
fixed length control field 00743nam a22002177a 4500
005 - DATE AND TIME OF LATEST TRANSACTION
control field 20230512221259.0
008 - FIXED-LENGTH DATA ELEMENTS--GENERAL INFORMATION
fixed length control field 180222t xxu||||| |||| 00| 0 eng d
020 ## - INTERNATIONAL STANDARD BOOK NUMBER
International Standard Book Number 9789715849104
040 ## - CATALOGING SOURCE
Transcribing agency CSPC
082 0# - DEWEY DECIMAL CLASSIFICATION NUMBER
Classification number 610.73014
Item number C168i
100 ## - MAIN ENTRY--PERSONAL NAME
Personal name Cantos, Arthur D.,
Relator term author.
245 00 - TITLE STATEMENT
Title Interpersonal communication skills in nursing
Statement of responsibility, etc. Arthur D. Cantos
260 ## - PUBLICATION, DISTRIBUTION, ETC.
Place of publication, distribution, etc. Quezon City :
Name of publisher, distributor, etc. C & E Publishing.
Date of publication, distribution, etc. 2009.
300 ## - PHYSICAL DESCRIPTION
Extent 212 pages :
Other physical details figures, images ;
Dimensions 22 cm.
500 ## - GENERAL NOTE
General note Includes Index.
650 10 - SUBJECT ADDED ENTRY--TOPICAL TERM
Topical term or geographic name entry element Communication in nursing.
650 10 - SUBJECT ADDED ENTRY--TOPICAL TERM
Topical term or geographic name entry element Interpersonal communication.
942 ## - ADDED ENTRY ELEMENTS (KOHA)
Koha item type
-- FIL 610.73014 C168i 2009
Holdings
Withdrawn status Lost status Damaged status Not for loan Home library Current library Shelving location Date acquired Total Checkouts Full call number Barcode Date last seen Date last checked out Copy number Price effective from Koha item type
        Main Library Main Library Filipiniana Section 05/12/2023 1 FIL 610.73014 C168i 2009 009924 04/18/2024 03/15/2024 1-5 05/12/2023 Books
        Main Library Main Library Filipiniana Section 05/12/2023   FIL 610.73014 C168i 2009 009923 05/12/2023   2-5 05/12/2023 Books
        Main Library Main Library Filipiniana Section 05/12/2023   FIL 610.73014 C168i 2009 009925 05/12/2023   3-5 05/12/2023 Books
        Main Library Main Library Filipiniana Section 05/12/2023   FIL 610.73014 C168i 2009 009926 05/12/2023   4-5 05/12/2023 Books
        Main Library Main Library Filipiniana Section 05/12/2023   FIL 610.73014 C168i 2009 009927 05/12/2023   5-5 05/12/2023 Books